Modern marine engineering.

Bibliographic Details
Main Author: Rudorff, Dagobert William
Format: Book
Language:English
Published: London : Temple Press, [1952]
Series:Technical trends series.
Subjects:

MARC

Tag First Indicator Second Indicator Subfields
LEADER 00000cam a2200000 4500
001 in00000027481
005 20151007061351.0
008 800628s1952 enka b 00000 eng
010 |a  52003566  
035 |a (OCoLC)06469283 
035 |9 AAD1890AM 
040 |a DLC  |c TXA  |d UtOrBLW 
049 |a TXAM  |c [373779] 
050 0 |a VM600  |b .R75 1952 
082 0 |a 621.12  |a 623.87* 
092 |a 623.87  |b R917m 
100 1 |a Rudorff, Dagobert William. 
245 1 0 |a Modern marine engineering. 
264 1 |a London :  |b Temple Press,  |c [1952] 
300 |a 154 pages :  |b illustrations ;  |c 19 cm. 
336 |a text  |b txt  |2 rdacontent 
337 |a unmediated  |b n  |2 rdamedia 
338 |a volume  |b nc  |2 rdacarrier 
490 1 |a Technical trends series 
504 |a Includes bibliography. 
650 0 |a Marine engineering. 
830 0 |a Technical trends series. 
999 |a MARS 
999 f f |s c5e45936-a2ea-3959-bda0-be9a6495eca5  |i 20bd0b22-6f2d-32be-b75f-d983ff4c6df1  |t 0 
952 f f |p ric  |a Texas A&M University  |b Rellis Campus  |c Joint Library Facility  |d Remote Storage  |t 0  |e VM600 .R75 1952  |h Library of Congress classification  |i unmediated -- volume  |m A14801044567 
998 f f |a VM600 .R75 1952  |t 0  |l Remote Storage